| 000 | 00892aab a2200193 i 4500 | ||
|---|---|---|---|
| 001 | 768714001 | ||
| 003 | CO-MdFUSB | ||
| 005 | 20240422104616.0 | ||
| 008 | 240411t1985 ag ||||| |||| 00| 0 spa d | ||
| 040 |
_bspa _cCO-MdFUSB |
||
| 041 | _aspa | ||
| 100 | 1 |
_aRooy, Sidney _eautor |
|
| 245 |
_aId y aprended _c/ Sidney Rooy |
||
| 300 |
_aVolumen 4, número 4 (diciembre, 1985), páginas: 121 - 123 _c; 27 cm |
||
| 520 | _aEn el Nuevo Testamento, el aprendizaje siempre se trata de experiencia. Se aprende saliendo y viviendo. Mateo 9:13 explica el orden. Literalmente, Jesús dice: "...cuando hayas salido, aprende lo que significa..." Lo que se puede llamar el primer principio pedagógico: se aprende haciendo.. | ||
| 650 | 7 |
_aEnseñanza bíblica _91266 |
|
| 773 | 0 |
_tIglesia y Misión _049402 _959687 _gVolumen 4, número 4 (diciembre, 1985), páginas: 121 - 123 _qpágina: 121 |
|
| 942 | _cANA | ||
| 999 |
_c51620 _d51620 |
||